Qu'est-ce que la crise du capitalisme monopoliste d'état

Uloženo v:
Podrobná bibliografie
Hlavní autor: Boccara, Paul
Médium: Kniha
Jazyk:Undetermined
Vydáno: Union Sovietique 1972
Témata:
Tagy: Přidat tag
Žádné tagy, Buďte první, kdo otaguje tento záznam!
Thư viện lưu trữ: Trung tâm Học liệu Trường Đại học Cần Thơ
LEADER 00452nam a2200157Ia 4500
001 CTU_79485
008 210402s9999 xx 000 0 und d
082 |a 330.9 
082 |b B664 
100 |a Boccara, Paul 
245 0 |a Qu'est-ce que la crise du capitalisme monopoliste d'état 
245 0 |c Paul Boccara 
260 |a Union Sovietique 
260 |c 1972 
650 |a Economic development 
980 |a Trung tâm Học liệu Trường Đại học Cần Thơ